Vivienda básica: políticas sobre lotes urbanos, servicios y vivienda en los países en desarrollo
En este documento se analiza: la vivienda básica y se evaluan los programas de mejoras comunitarias y lotes urbanos con servicios, en cuatro países (El Salvador, Filipinas, Senegal y Zambia) y se examinan los problemas de urbanización por los cuales se preocupa el International Development Research...
Shranjeno v:
| Glavni avtor: | |
|---|---|
| Format: | Texto |
| Izdano: |
Otawa:
CIID
|
| Teme: | |
| Oznake: |
Označite
Brez oznak, prvi označite!
|
MARC
| LEADER | 00000 a a2200000 04500 | ||
|---|---|---|---|
| 001 | 13384 | ||
| 003 | |||
| 040 | |||
| 020 | |a 0-88936-422-2 | ||
| 022 | |a 0-88936-422-2 | ||
| 090 | |a 026800 | ||
| 100 | |a Laquian, Aprodicio A. | ||
| 245 | |a Vivienda básica: políticas sobre lotes urbanos, servicios y vivienda en los países en desarrollo | ||
| 260 | |a Otawa: |b CIID | ||
| 300 | |a 174 p. | ||
| 300 | |b **no definido** | ||
| 520 | |a En este documento se analiza: la vivienda básica y se evaluan los programas de mejoras comunitarias y lotes urbanos con servicios, en cuatro países (El Salvador, Filipinas, Senegal y Zambia) y se examinan los problemas de urbanización por los cuales se preocupa el International Development Research Center (CIID) y el Banco Mundial, en lo referenteal financiamiento y al diseño y ejecución del programa investigativo, siempre en colaboración con los repectivos representantes en los cuatro países. LOB/mb | ||
| 650 | |a VIVIENDA | ||
| 650 | |a EMPLEO | ||
| 650 | |a INGRESO | ||
| 650 | |a DESARROLLO DE LA COMUNIDAD | ||
| 650 | |a MANO DE OBRA | ||
| 650 | |a TUGURIOS | ||
| 650 | |a FINANCIAMIENTO DE PROYECTOS | ||
| 650 | |a COOPERACION TECNICA | ||
| 650 | |a PRESTAMOS | ||
| 650 | |a INVERSIONES | ||
| 650 | |a INGRESO | ||
| 650 | |a INDICADORES ECONOMICOS | ||
| 650 | |a EMPLEO | ||
| 650 | |a VIVIENDA | ||
| 999 | |c 3227 |d 3227 | ||



